Najrzadsze flagi świata - Statystyki

Ogólne statystyki
  • Ten quiz został rozwiązany 4 razy
  • Średni wynik to 7 z 12
Statystyki odpowiedzi
Procent odgadnięć Państwo % Poprawnych
34 Saint Kitts i Nevis
100%
36 Saint Vincent i Grenadyny
100%
32 Wyspy Salomona
100%
34 Vanuatu
75%
34 Wyspy Świętego Tomasza i Książeca
75%
36 Gwinea
50%
34 Gwinea Bissau
50%
35 Tuvalu
50%
35 Gujana
25%
36 Gwinea Równikowa
25%
34 Gambia
0%
35 Namibia
0%
Nie znaleziono quizów pasujących do podanych kryteriów
Rozkład punktacji
Procent ludzi z każdym wynikiem
Percentyl według liczby udzielonych odpowiedzi
Twoja historia wyników
Nie rozwiązałeś tego quizu